Normal view
MARC view
- ISLAM-FIQEY MASYAIL AUR UN KA HAL
Entry Topical Term
001 - CONTROL NUMBER
- control field: 79517
003 - CONTROL NUMBER IDENTIFIER
- control field: NUST
005 - DATE AND TIME OF LATEST TRANSACTION
- control field: 20210628210453.0
008 - FIXED-LENGTH DATA ELEMENTS
- fixed length control field: 210628|| aca||aabn | a|a d
040 ## - CATALOGING SOURCE
- Original cataloging agency: NUST
- Transcribing agency: NUST
150 ## - HEADING--TOPICAL TERM
- Topical term or geographic name entry element: ISLAM-FIQEY MASYAIL AUR UN KA HAL
670 ## - SOURCE DATA FOUND
- Source citation: Work cat.: (NUST): Muhammad Hassam Ullah Sharifi, Mufti Mufti Muhammad Hassam Ullah Sharifi 79516, Aap kay masyail aur un ka hal kitab-o-sunat ki roshni main, 1999
